| 000 | 00483nam a22001697a 4500 | ||
|---|---|---|---|
| 003 | OSt | ||
| 005 | 20220916162014.0 | ||
| 008 | 220916b |||||||| |||| 00| 0 eng d | ||
| 020 | _a84-89771-92-8 | ||
| 040 | _cBiblioteca Lado V | ||
| 082 |
_a750 _bP586d |
||
| 100 |
_aPicazo, Gloria _ecuradora |
||
| 245 | _aDa val Set/ | ||
| 260 |
_aBarcelona _bMuseo de Arte Contemporanio de Barcelona _c2000 |
||
| 300 |
_a154p. _c22x27cm |
||
| 942 |
_2ddc _c1 _h750 _iP586d _n0 |
||
| 999 |
_c2061 _d2061 |
||